England in the late middle ages

Guardat en:
Dades bibliogràfiques
Autor principal: Myers, A. R. Myers, Alec Reginald (Autor)
Format: Llibre
Idioma:anglès
Publicat: Londres Penguins Books 1963
Col·lecció:The Pelican History of England, 4
Matèries:
Etiquetes: Afegir etiqueta
Sense etiquetes, Sigues el primer a etiquetar aquest registre!

MARC

LEADER 00000nam a2200000 a 4500
001 UCP9960
003 CL-VaPUC
008 000407e19630000UK |||||||||||||||||eng|d
082 0 4 |a 945  |b MYE  |2 21 
100 |a Myers, A. R.  |e author  |q Myers, Alec Reginald  |9 440948 
245 1 0 |a England in the late middle ages 
300 |a 269 p 
942 |c BK 
945 |d 20000407 00:00:00  |a rherrera 
260 |a Londres  |b Penguins Books  |c 1963 
650 0 |a Historia de Inglaterra  |9 376029 
650 0 |a Edad media  |9 258041 
650 0 |a Economía   |9 255568 
650 0 |a Gobierno   |9 255508 
650 0 |a Arte  |9 265238 
650 7 |a SIGLOS 14-15  |2 CL-VaPUC  |9 440922 
651 0 |a Inglaterra  |9 255158 
583 |a last modification  |c 20000407 00:00:00  |k Rodrigo Vera 
490 0 |a The Pelican History of England, 4 
999 |c 286740  |d 286738 
952 |0 0  |1 0  |4 0  |6 945_000000000000000_MYE_1963  |7 0  |8 A  |9 332847  |a BIBHIS  |b BIBHIS  |d 2019-11-20  |i 1263609  |o 945 MYE 1963  |p 1263609  |r 2025-01-20  |w 2019-11-20  |y BK  |k HIS